000 00952nam a22002775a 4500
005 20161102144852.0
008 161102t2012 ii a frbd 001 0 eng d
020 _a9788131526361
020 _a8131526364
040 _aEG-ScBUE
_beng
_cEG-ScBUE
_dEG-ScBUE
082 0 4 _222
_a005.14
_bBLA
100 1 _aBlack, Rex,
_d1964-
245 1 0 _aFoundations of software testing :
_bISTQB certification /
_cRex Black, Erik Van Veenendaal, Dorothy Graham.
260 _aNew Delhi :
_bCengage Learning,
_cc.2012.
300 _ax, 242 p. :
_bill. ;
_c24 cm.
500 _aGlossary : p. 199-220.
500 _aIndex : p. 235-242.
504 _aIncludes bibliographical references.
650 7 _2BUEsh
_94060
_aElectronic data processing personnel
_xCertification.
650 7 _912302
_aComputer software
_xTesting.
_2BUEsh
651 _2BUEsh
653 _bCOMSCI
_cNovember2016
700 1 _aVeenendaal, Erik Van.
700 1 _aGraham, Dorothy.
942 _2ddc
999 _c23005
_d22977